000 00459nam a2200193Ia 4500
005 20240823015341.0
008 240823s9999||||xx |||||||||||||| ||und||
020 _a86308-41-5
041 _aENGLISH
082 _A621.3 N7
100 _aBhatia K B
245 0 _aQuiz in Electrical Engineering
250 _a1st
260 _c1997
_b"Standard Publishers Distributors,"
500 _aYES
650 _aQuiz
_bElectrical
942 _cBK
999 _c172225
_d172225